Video offers careers advice (Record no. 72167)

MARC details
000 -LEADER
fixed length control field 00868cam a2200193 4500
001 - CONTROL NUMBER
control field WB3908-14
008 - FIXED-LENGTH DATA ELEMENTS--GENERAL INFORMATION
fixed length control field 030227n2003 000 0 eng u
035 ## - SYSTEM CONTROL NUMBER
System control number (Sirsi) u121444
245 ## - TITLE STATEMENT
Title Video offers careers advice
260 ## - PUBLICATION, DISTRIBUTION, ETC.
Date of publication, distribution, etc. 2003
490 ## - SERIES STATEMENT
Series statement Consult
Volume/sequential designation (30) February 2003, 3(1)
520 ## - SUMMARY, ETC.
Summary, etc. Construction Industry Council has launched a new recruitment video aimed at 14-18 year olds, outlining the professional careers available in the construction industry. "Building visions - creative careers in the construction professions" is available from CIC t Bridget Fidler on +44 (0)20 7637 8692. More information can be viewed at http://www.cic.org.uk/BuildVisions/index.htm
590 ## - LOCAL NOTE (RLIN)
Local note WB
650 ## - SUBJECT ADDED ENTRY--TOPICAL TERM
Topical term or geographic name entry element CAREERS ADVICE
650 ## - SUBJECT ADDED ENTRY--TOPICAL TERM
Topical term or geographic name entry element CONSTRUCTION CAREERS
650 ## - SUBJECT ADDED ENTRY--TOPICAL TERM
Topical term or geographic name entry element CONSTRUCTION PROFESSIONS
690 ## - LOCAL SUBJECT ADDED ENTRY--TOPICAL TERM (OCLC, RLIN)
Topical term or geographic name as entry element CAREERS, EDUCATION AND TRAINING
942 ## - ADDED ENTRY ELEMENTS (KOHA)
Suppress in OPAC 0
Holdings
Withdrawn status Lost status Source of classification or shelving scheme Damaged status Not for loan Home library Current library Shelving location Date acquired Total Checkouts Full call number Barcode Date last seen Copy number Price effective from Koha item type
    Dewey Decimal Classification     London London News article 27/02/2003   WB3908-14 121444-1001 06/08/2019 1 06/08/2019 News article